000 00499nam a2200217Ia 4500
003 OSt
005 20220915110639.0
008 210210b2016 xxu||||| |||| 00| 0 eng d
020 _a9788174467461
040 _cAL
041 _aeng
082 _a657.48 GOYF
100 _aGOYAL (V K)
_957565
245 _aFinancial accounting
250 _a3
260 _aDelhi
_bExcel Books
_c2016
300 _axviii,627
690 _aFinancial Accounting
_957566
906 _a072178
942 _2ddc
_cBK
999 _c122066
_d122066